000 01148nam a2200301 a 4500
001 000017172
003 DO-SdBNP
005 20171002124850.0
007 000017172
008 100319s1997 dr abc 001 j spa d
040 _aBPMSU
_bspa
_cBPMSU
082 4 _aRD863.4408
_bA634d
245 0 0 _aAntología didáctica del cuento dominicano /
_cSelección de cuentos Manuel Núñez ; edición Nelgia Altagracia Acosta ; ilustracción Julio César Martínez, Stalin Núñez ; presentación Santiago Cabanes Vicedo.
260 _aSanto Domingo :
_bSusaeta :
_bEdiciones Dominicanas,
_c1997.
300 _a296 p. :
_bil., mapas, retrs. ;
_c26 cm.
504 _aBibliografía: p. 291 -293.
650 4 _aCUENTOS DOMINICANOS
_xCOLECCIONES
650 4 _aLITERATURA DOMINICANA
700 1 _aNúñez, Manuel,
_ecomp.
700 1 _aAcosta, Nelgia Altagracia,
_eed.
700 1 _aMartínez, Julio César,
_eil.
700 1 _aNúñez, Stalin,
_eil.
700 1 _aCabanes Vicedo, Santiago,
_epresent.
910 _aValidado. Control de calidad EMS
942 _2ddc
_cBK
945 _aInventariado / 2017 VM
956 _aVMATEO
_b10
_c20150413
_lBPUMSU
_h00151
999 _c7627
_d7627